Pulp fiction /

Đã lưu trong:
Chi tiết về thư mục
Tác giả khác: Travolta, John (Diễn viên), Tarantino, Quentin (Giám đốc), Thurman, Uma (Diễn viên), Avary, Roger (Người viết kịch bản), Jackson, Samuel L. (Diễn viên), Roth, Tim (Diễn viên), Keitel, Harvey (Diễn viên)
Định dạng: Slide
Ngôn ngữ:Tiếng Italy
Được phát hành: Firenze : Cecchi Gori home video [distributore], [1995]
Các nhãn: Thêm thẻ
Không có thẻ, Là người đầu tiên thẻ bản ghi này!

MARC

LEADER 00000ngm a22000007i 4500
001 IT\ICCU\RAV\0288101
003 ItRI
005 20260124182905.0
008 970211s1994 it |||||||||||||||k|||||c
028 4 2 |a 1391 
040 |b ita 
041 7 |a ita  |2 ISO-639-2 
130 0 |a Pulp Fiction <film ; 1994>  |3 IT\ICCU\RAV\0948002 
245 0 0 |a Pulp fiction /  |c un film di Quentin Tarantino ; soggetto di Q. Tarantino & Roger Avary. 
260 |a Firenze :  |b Cecchi Gori home video [distributore],  |c [1995] 
300 |a 1 videocassetta (VHS) (146 min.) :  |b color., son 
500 |a Tit. del contenitore 
500 |a Film del 1994, USA; interpreti: John Travolta, Samuel L. Jackson, Uma Thurman, Harvey Keitel, Tim Roth 
500 |a Vietato ai minori di 18 anni. 
700 1 |a Travolta, John  |0 IT\ICCU\CFIV\127146  |4 act 
700 1 |a Tarantino, Quentin  |0 IT\ICCU\LO1V\141356  |4 drt 
700 1 |a Thurman, Uma  |0 IT\ICCU\RAVV\090250  |4 act 
700 1 |a Avary, Roger  |0 IT\ICCU\RAVV\098458  |4 sce 
700 1 |a Jackson, Samuel L.  |0 IT\ICCU\RAVV\098459  |4 act 
700 1 |a Roth, Tim  |0 IT\ICCU\RAVV\099737  |4 act 
700 1 |a Keitel, Harvey  |0 IT\ICCU\UFIV\151614  |4 act 
790 1 |a Avary, Roger Roberts  |3 IT\ICCU\CFIV\261077  |z Avary, Roger 
790 1 |a Jakson, L. Samuel  |3 IT\ICCU\UBOV\065711  |z Jackson, Samuel L. 
942 |2 ddc  |c VM  |n 0 
952 |0 0  |1 0  |4 0  |6 VO_849_000000000000000  |7 0  |9 27627  |a BO  |b BO  |d 2026-01-24  |i 7811  |l 0  |o VO 849  |p BO7811  |r 2026-01-24 18:29:05  |w 2026-01-24  |x [Sebina 5] [1 videocassetta]  |y VM  |z 1 videocassetta 
999 |c 23413  |d 23413